000 00556nam a2200181Ia 4500
005 20250508155829.0
008 008 250505s9999 xx 000 0 eng d
037 _aDissertations
040 _aFEDL
_beng
_cFEDL
041 _aeng
_2eng
084 _a910, SAN/DI
_qFEDL
100 _aSandhu
245 0 _aConstruction and standardisation of an achievement test in geography for class 6th of Delhi schools
260 _c1953
546 _aM.Ed. Dissertation (Delhi University)
942 _cDIS
_h910, SAN/DI
999 _c1359495
_d1359495